The true and outstanding adventures of the Hunt sisters : (Record no. 344016)
[ view plain ]
| 000 -LEADER | |
|---|---|
| fixed length control field | 00530nam a2200205Ia 4500 |
| 008 - FIXED-LENGTH DATA ELEMENTS--GENERAL INFORMATION | |
| fixed length control field | 170918s9999 xx 000 0 und d |
| 020 ## - INTERNATIONAL STANDARD BOOK NUMBER | |
| International Standard Book Number | 316159360 |
| 050 ## - LIBRARY OF CONGRESS CALL NUMBER | |
| Item number | R659tr 2004 |
| 100 ## - MAIN ENTRY--PERSONAL NAME | |
| Personal name | Robinson, Elisabeth |
| 245 #4 - TITLE STATEMENT | |
| Title | The true and outstanding adventures of the Hunt sisters : |
| 245 ## - TITLE STATEMENT | |
| Remainder of title | a novel / |
| 245 ## - TITLE STATEMENT | |
| Statement of responsibility, etc | by Elisabeth Robinon. |
| 250 ## - EDITION STATEMENT | |
| Edition statement | First edition |
| 260 ## - PUBLICATION, DISTRIBUTION, ETC. (IMPRINT) | |
| Place of publication, distribution, etc | New York : |
| 260 ## - PUBLICATION, DISTRIBUTION, ETC. (IMPRINT) | |
| Name of publisher, distributor, etc | Back Bay Books, |
| 260 ## - PUBLICATION, DISTRIBUTION, ETC. (IMPRINT) | |
| Date of publication, distribution, etc | 2004 |
| 300 ## - PHYSICAL DESCRIPTION | |
| Extent | 326 pages : |
| 300 ## - PHYSICAL DESCRIPTION | |
| Other physical details | illustrations ; |
| 300 ## - PHYSICAL DESCRIPTION | |
| Dimensions | 21cm. |
| Withdrawn status | Lost status | Damaged status | Home library | Current library | Date acquired | Total Checkouts | Full call number | Barcode | Date last seen | Price effective from | Koha item type |
|---|---|---|---|---|---|---|---|---|---|---|---|
| Stonyhurst Southville International School (Malarayat) | Stonyhurst Southville International School (Malarayat) | 09/18/2017 | FIC R659tr 2004 | SSISM3088 | 09/18/2017 | 09/18/2017 | Books |